[Event "ESP-chT CECLUB Div1"]
[Site "Linares"]
[Date "2023.08.22"]
[Round "3.6"]
[White "Dorado Meijide, Andrea"]
[Black "Ambartsumova, Karina"]
[Result "0-1"]
[WhiteElo "1816"]
[BlackElo "2393"]
[PlyCount "70"]
[EventDate "2023.08.20"]
[EventType "team-tourn"]
[EventRounds "7"]
[EventCountry "ESP"]
[SourceTitle "CBM 215 Extra"]
[Source "ChessBase"]
[SourceDate "2023.09.30"]
[SourceVersion "1"]
[SourceVersionDate "2023.09.30"]
[SourceQuality "1"]
[WhiteTeam "Sanxenxo Fontecarmoa"]
[BlackTeam "Sestao Hotel Naval"]
[WhiteTeamCountry "ESP"]
[BlackTeamCountry "ESP"]

1. e4 c5 2. Nf3 e6 3. d4 cxd4 4. Nxd4 Nc6 5. Nc3 d6 6. g3 Nge7 7. Bg2 Nxd4 8. Qxd4 Nc6 9. Qd3 Be7 10. 0-0 0-0 11. b3 a6 12. a4 Qc7 13. Ba3 b6 14. Rfd1 Rd8 15. Rac1 Bb7 16. Nb1 d5 17. Qe2 Bf6 18. c3 Na5 19. Qc2 dxe4 20. Re1 Bg5 21. Rcd1 f5 22. g4 Nc6 23. Bc1 Bxc1 24. Qxc1 Ne5 25. Rxd8+ Rxd8 26. Qg5 Nxg4 27. Qh4 Ne5 28. Kh1 Nd3 29. Rg1 Rd7 30. c4 h6 31. Rf1 Nf4 32. Qg3 Rd3 33. Qh4 Nxg2 34. Kxg2 e3+ 35. Kg1 e2 0-1

[Event "ESP-chT CECLUB Div1"]
[Site "Linares"]
[Date "2020.10.06"]
[Round "4.6"]
[White "Dorado Meijide, Andrea"]
[Black "Ambartsumova, Karina"]
[Result "0-1"]
[WhiteElo "1779"]
[BlackElo "2371"]
[PlyCount "108"]
[EventDate "2020.10.03"]
[EventType "team-tourn"]
[EventRounds "7"]
[EventCountry "ESP"]
[SourceTitle "CBM 198 Extra"]
[Source "ChessBase"]
[SourceDate "2020.11.30"]
[SourceVersion "1"]
[SourceVersionDate "2020.11.30"]
[SourceQuality "1"]
[WhiteTeam "Sanxenxo Fontecarmoa"]
[BlackTeam "Sestao"]
[WhiteTeamCountry "ESP"]
[BlackTeamCountry "ESP"]

1. e4 c5 2. Nc3 Nc6 3. Bb5 g6 4. Bxc6 dxc6 5. f4 c4 6. Nf3 Bg7 7. 0-0 Nf6 8. d3 cxd3 9. cxd3 0-0 10. a4 b5 11. Be3 b4 12. Na2 a5 13. Ne5 Ba6 14. Rc1 Rc8 15. Qb3 c5 16. Rxc5 Rxc5 17. Bxc5 Nxe4 18. dxe4 Bxf1 19. Kxf1 Bxe5 20. fxe5 Qc7 21. Be3 Qxe5 22. Nc1 Qxe4 23. Qd3 Qe5 24. g3 Qxb2 25. Nb3 Qxh2 26. Nxa5 Qxg3 27. Qd4 Rc8 28. Nc4 Rxc4 29. Qxc4 Qxe3 30. Qxb4 h5 31. a5 h4 32. Qxh4 Qd3+ 33. Kg1 Qd1+ 34. Kg2 Qd5+ 35. Kf2 Qxa5 36. Qxe7 Qf5+ 37. Kg2 Qg4+ 38. Kf2 Qf4+ 39. Kg2 Kg7 40. Qb7 g5 41. Qb2+ Kg6 42. Qc2+ Qf5 43. Qc6+ Qe6 44. Qc2+ f5 45. Qb2 g4 46. Qd2 Qe4+ 47. Kg1 Qb1+ 48. Kg2 Qe4+ 49. Kg1 Qe5 50. Qf2 f4 51. Qb6+ Kf5 52. Qb1+ Kg5 53. Qh7 Qe1+ 54. Kg2 f3+ 0-1

[Event "ESP-chT CECLUB Div1"]
[Site "Linares"]
[Date "2020.10.03"]
[Round "1.4"]
[White "Sanjuan Morigosa, Isaura"]
[Black "Dorado Meijide, Andrea"]
[Result "0-1"]
[WhiteElo "1766"]
[BlackElo "1779"]
[PlyCount "90"]
[EventDate "2020.10.03"]
[EventType "team-tourn"]
[EventRounds "7"]
[EventCountry "ESP"]
[SourceTitle "CBM 198 Extra"]
[Source "ChessBase"]
[SourceDate "2020.11.30"]
[SourceVersion "1"]
[SourceVersionDate "2020.11.30"]
[SourceQuality "1"]
[WhiteTeam "Santa Lucia Grandama"]
[BlackTeam "Sanxenxo Fontecarmoa"]
[WhiteTeamCountry "ESP"]
[BlackTeamCountry "ESP"]

1. d4 e6 2. c4 Bb4+ 3. Nc3 Nf6 4. Qc2 0-0 5. a3 Bxc3+ 6. bxc3 d6 7. Bg5 Re8 8. e3 e5 9. Bd3 h6 10. Bxf6 Qxf6 11. Ne2 Qh4 12. Ng3 exd4 13. cxd4 Qxd4 14. 0-0 Qe5 15. Rab1 Nc6 16. Rb5 Qe7 17. Bh7+ Kh8 18. Be4 a6 19. Rh5 Bg4 20. Bxc6 bxc6 21. Ra5 c5 22. Rb1 Bd7 23. Qb2 Bc6 24. e4 Qg5 25. f3 Reb8 26. Qxb8+ Rxb8 27. Rxb8+ Kh7 28. Rxa6 Qc1+ 29. Kf2 Bd7 30. Raa8 Qd2+ 31. Ne2 Be6 32. Rb1 Bxc4 33. Re1 Bxe2 34. Rxe2 Qd4+ 35. Kg3 c4 36. Rb8 c3 37. Rb1 Qd3 38. Ree1 c6 39. Ra1 d5 40. a4 d4 41. a5 Qa6 42. Rec1 c5 43. Kf2 c4 44. Rcb1 c2 45. Rb6 Qxa5 0-1

[Event "ESP-chT CECLUB Div2"]
[Site "Linares"]
[Date "2019.08.23"]
[Round "7.1"]
[White "Dorado Meijide, Andrea"]
[Black "Munoz Munoz, Teresa"]
[Result "1-0"]
[WhiteElo "1762"]
[BlackElo "1808"]
[PlyCount "69"]
[EventDate "2019.08.19"]
[EventType "team-swiss"]
[EventRounds "7"]
[EventCountry "ESP"]
[SourceTitle "EXT 2020"]
[Source "ChessBase"]
[SourceDate "2019.10.17"]
[SourceVersion "1"]
[SourceVersionDate "2019.10.17"]
[SourceQuality "1"]
[WhiteTeam "Interrias Sanx Fontecarmoa"]
[BlackTeam "Mollet"]
[WhiteTeamCountry "ESP"]
[BlackTeamCountry "ESP"]

1. e4 b6 2. Nf3 Bb7 3. Qe2 e6 4. g3 g6 5. Bg2 Bg7 6. 0-0 Ne7 7. Nc3 0-0 8. Re1 d6 9. d4 Nd7 10. Be3 d5 11. exd5 Nxd5 12. Nxd5 Bxd5 13. c4 Bb7 14. Rad1 Nf6 15. Bg5 h6 16. Bf4 g5 17. Bc1 Qd6 18. h4 gxh4 19. Bf4 Qd8 20. Nxh4 Bxg2 21. Nxg2 Ne8 22. Qh5 Qf6 23. Ne3 Qg6 24. Qf3 Rd8 25. Ng4 h5 26. Ne5 Bxe5 27. Rxe5 Ng7 28. Rg5 Qf6 29. Qe3 c5 30. Be5 cxd4 31. Bxf6 dxe3 32. Rxg7+ Kh8 33. Rg5+ Kh7 34. Rxd8 e2 35. Re5 1-0

[Event "ESP-chT CECLUB Div2"]
[Site "Linares"]
[Date "2019.08.22"]
[Round "5.1"]
[White "Dorado Meijide, Andrea"]
[Black "Sosa Suarez, Carla Cristina"]
[Result "0-1"]
[WhiteElo "1762"]
[BlackElo "2135"]
[PlyCount "66"]
[EventDate "2019.08.19"]
[EventType "team-swiss"]
[EventRounds "7"]
[EventCountry "ESP"]
[SourceTitle "EXT 2020"]
[Source "ChessBase"]
[SourceDate "2019.10.17"]
[SourceVersion "1"]
[SourceVersionDate "2019.10.17"]
[SourceQuality "1"]
[WhiteTeam "Interrias Sanx Fontecarmoa"]
[BlackTeam "Sestao"]
[WhiteTeamCountry "ESP"]
[BlackTeamCountry "ESP"]

1. e4 e6 2. d4 d5 3. Nd2 Be7 4. Ngf3 Nf6 5. e5 Nfd7 6. Bd3 c5 7. c3 Nc6 8. 0-0 g5 9. dxc5 g4 10. Nd4 Ndxe5 11. Bb5 Bd7 12. Qe2 Qc7 13. b4 Ng6 14. N2b3 e5 15. Nc2 f5 16. Rd1 a6 17. Ba4 0-0 18. Bh6 f4 19. Rxd5 Be6 20. Bxc6 Qxc6 21. Rxe5 Nxe5 22. Qxe5 Bf6 23. Qxf4 Rf7 24. Rd1 Bh4 25. Qe5 Bxb3 26. Qh5 Bxc2 27. Rd6 Qe4 28. Be3 Ba4 29. h3 gxh3 30. gxh3 Rg7+ 31. Kf1 Qb1+ 32. Ke2 Qc2+ 33. Bd2 Qd1+ 0-1

[Event "Pontevedra op-B 6th"]
[Site "Pontevedra"]
[Date "2018.08.13"]
[Round "8"]
[White "Dorado Meijide, Andrea"]
[Black "Oliveira, Maria Alice Ramos"]
[Result "1-0"]
[WhiteElo "1743"]
[BlackElo "1542"]
[PlyCount "125"]
[EventDate "2018.08.08"]
[EventType "swiss"]
[EventRounds "9"]
[EventCountry "ESP"]
[SourceTitle "CBM 186 Extra"]
[Source "ChessBase"]
[SourceDate "2018.08.24"]
[SourceVersion "1"]
[SourceVersionDate "2018.08.24"]
[SourceQuality "1"]

1. e4 e5 2. Nf3 Nc6 3. Bb5 a6 4. Ba4 Nf6 5. d3 b5 6. Bb3 Be7 7. 0-0 d6 8. c3 0-0 9. h3 Na5 10. Bc2 c5 11. Nbd2 Nc6 12. Re1 h6 13. Nf1 d5 14. exd5 Qxd5 15. Qe2 Bb7 16. Bb3 Qd7 17. Ng3 Rfe8 18. Be3 Nd5 19. Ne4 Nxe3 20. Qxe3 Bf8 21. Qxh6 gxh6 22. Nf6+ Kg7 23. Nxd7 Bd6 24. Nh4 Red8 25. Nf5+ Kg6 26. Nxd6 Rxd7 27. Nxb7 Rxb7 28. Bd5 Rc8 29. Bxc6 Rxc6 30. Rxe5 b4 31. c4 Rd7 32. Rd1 Kf6 33. Re3 Rcd6 34. Kf1 Rd4 35. Ke2 Kf5 36. g4+ Kf6 37. Rg1 Rf4 38. Rgg3 Kg6 39. Re5 Rc7 40. Rd5 Rc6 41. Re3 f6 42. Re8 Kf7 43. Re3 Kf8 44. Rd8+ Kf7 45. Rd7+ Kf8 46. Ree7 Rd4 47. Rf7+ Kg8 48. Rg7+ Kf8 49. Rxd4 Kxg7 50. Rd5 Kf7 51. f4 Rc7 52. Rd6 a5 53. Ra6 Kg6 54. Rxa5 h5 55. gxh5+ Kxh5 56. d4 Kh4 57. Rxc5 Re7+ 58. Kf3 Ra7 59. Rb5 f5 60. Rxb4 Rxa2 61. Rb5 Kxh3 62. Rxf5 Kh2 63. b4 1-0

[Event "Pontevedra op-B 6th"]
[Site "Pontevedra"]
[Date "2018.08.12"]
[Round "6"]
[White "Dorado Meijide, Andrea"]
[Black "Sousa, Gil Oliva Teles"]
[Result "1-0"]
[WhiteElo "1743"]
[BlackElo "1533"]
[PlyCount "59"]
[EventDate "2018.08.08"]
[EventType "swiss"]
[EventRounds "9"]
[EventCountry "ESP"]
[SourceTitle "CBM 186 Extra"]
[Source "ChessBase"]
[SourceDate "2018.08.24"]
[SourceVersion "1"]
[SourceVersionDate "2018.08.24"]
[SourceQuality "1"]

1. e4 e5 2. Nf3 Nc6 3. Bb5 a6 4. Ba4 Nf6 5. d3 d6 6. c3 Be7 7. 0-0 b5 8. Bb3 0-0 9. h3 Na5 10. Bc2 c5 11. Nbd2 Bd7 12. Re1 Qc7 13. Nf1 Rac8 14. Ne3 Nc6 15. Qe2 Rfe8 16. Nd5 Nxd5 17. exd5 Na7 18. c4 Bf8 19. Ng5 h6 20. Ne4 Kh8 21. Qh5 Re7 22. Bg5 f5 23. Bxe7 Bxe7 24. Ng3 Rf8 25. f4 Bf6 26. Kh1 exf4 27. Nxf5 bxc4 28. dxc4 Bxf5 29. Qxf5 g5 30. Re6 1-0

[Event "Gallego-ch U18"]
[Site "Viveiro"]
[Date "2017.02.26"]
[Round "4"]
[White "Fernandez Lopez, Alejandro I"]
[Black "Dorado Meijide, Andrea"]
[Result "1/2-1/2"]
[WhiteElo "1978"]
[BlackElo "1769"]
[PlyCount "43"]
[EventDate "2017.02.25"]
[EventType "swiss"]
[EventRounds "8"]
[EventCountry "ESP"]
[SourceTitle "EXT 2024"]
[Source "ChessBase"]
[SourceDate "2023.10.10"]
[SourceVersion "1"]
[SourceVersionDate "2023.10.10"]
[SourceQuality "1"]

1. e4 e6 2. d4 d5 3. Nc3 Nf6 4. e5 Nfd7 5. f4 c5 6. Nf3 Nc6 7. Be3 cxd4 8. Nxd4 a6 9. Qd2 Be7 10. 0-0-0 Nxd4 11. Bxd4 b5 12. Kb1 Nb6 13. Bxb6 Qxb6 14. f5 b4 15. Ne2 exf5 16. Nf4 Bb7 17. Nxd5 Bxd5 18. Qxd5 Rd8 19. Qf3 Rxd1+ 20. Qxd1 0-0 21. Bd3 f6 22. Bc4+ 1/2-1/2

[Event "Gallego-ch U18"]
[Site "Viveiro"]
[Date "2016.02.09"]
[Round "8"]
[White "Portela Peleteiro, Alberto"]
[Black "Dorado Meijide, Andrea"]
[Result "1-0"]
[WhiteElo "2368"]
[BlackElo "1760"]
[PlyCount "109"]
[EventDate "2016.02.06"]
[EventType "swiss"]
[EventRounds "8"]
[EventCountry "ESP"]
[SourceTitle "EXT 2024"]
[Source "ChessBase"]
[SourceDate "2023.10.10"]
[SourceVersion "1"]
[SourceVersionDate "2023.10.10"]
[SourceQuality "1"]

1. e4 e6 2. Nf3 d5 3. Nc3 Nf6 4. e5 Nfd7 5. d4 c5 6. dxc5 Nc6 7. Bf4 Bxc5 8. Bd3 f6 9. exf6 Qxf6 10. Bg3 0-0 11. 0-0 a6 12. Qe2 Nd4 13. Nxd4 Bxd4 14. Rae1 Nc5 15. Be5 Bxe5 16. Qxe5 Nxd3 17. cxd3 Bd7 18. f4 Rac8 19. f5 Qxe5 20. Rxe5 d4 21. Ne2 exf5 22. Nxd4 g6 23. Re7 Rf7 24. Rfe1 Kf8 25. R7e2 Kg7 26. Kf2 h6 27. Re5 Bc6 28. Rc1 Rd7 29. Nxc6 bxc6 30. Ke2 Rcd8 31. Rc3 Rb8 32. b3 Rb6 33. Re6 Rc7 34. d4 Kf7 35. Rd6 Re7+ 36. Kd3 Re6 37. Rxe6 Kxe6 38. Kc4 Rb5 39. Re3+ Kd7 40. Rg3 g5 41. Rh3 f4 42. Rxh6 Rf5 43. Rg6 Ke7 44. Rxc6 g4 45. Kd3 f3 46. gxf3 gxf3 47. Rc1 Rh5 48. Rc2 Ke6 49. Ke3 Rh3 50. Rf2 Ke7 51. Rxf3 Rxh2 52. Rf2 Rh5 53. Ke4 Ke6 54. d5+ Ke7 55. Kd4 1-0

[Event "Gallego-ch U18"]
[Site "Viveiro"]
[Date "2016.02.08"]
[Round "6"]
[White "Dorado Meijide, Andrea"]
[Black "Represa Perez, Mireya"]
[Result "1-0"]
[WhiteElo "1760"]
[BlackElo "1858"]
[PlyCount "109"]
[EventDate "2016.02.06"]
[EventType "swiss"]
[EventRounds "8"]
[EventCountry "ESP"]
[SourceTitle "EXT 2024"]
[Source "ChessBase"]
[SourceDate "2023.10.10"]
[SourceVersion "1"]
[SourceVersionDate "2023.10.10"]
[SourceQuality "1"]

1. e4 c5 2. Nf3 e6 3. d4 cxd4 4. Nxd4 Nc6 5. Nc3 a6 6. Be2 Qc7 7. 0-0 Nf6 8. Be3 Bb4 9. Na4 b5 10. Nxc6 Qxc6 11. Nb6 Rb8 12. e5 Nd5 13. Nxd5 exd5 14. Bf3 Bb7 15. c3 Be7 16. Qd4 Qe6 17. Rad1 d6 18. exd6 Bf6 19. Qb4 0-0 20. Bc5 Be5 21. Rfe1 Rfe8 22. g3 Rbd8 23. c4 Qf6 24. Bxd5 Bxd5 25. cxd5 Qf5 26. f4 Bf6 27. Rxe8+ Rxe8 28. Re1 Rd8 29. Qe4 Qd7 30. h3 g6 31. g4 Bh4 32. Re2 Rc8 33. g5 Qxh3 34. Qg2 Qf5 35. Qf3 Bxg5 36. d7 Rd8 37. Re8+ Kg7 38. Re5 Qb1+ 39. Qf1 Qxf1+ 40. Kxf1 Bf6 41. Be7 Bxe7 42. Rxe7 h5 43. Kg2 Kg8 44. Kg3 Kf8 45. d6 f6 46. Kh4 Rb8 47. f5 gxf5 48. Kxh5 Ra8 49. Kg6 f4 50. Rf7+ Kg8 51. Kxf6 Rd8 52. Ke6 f3 53. Rxf3 Rb8 54. Ke7 Rb7 55. Ke8 1-0

[Event "Gallego-ch U18"]
[Site "Viveiro"]
[Date "2016.02.08"]
[Round "5"]
[White "Santiago Garcia, Victor"]
[Black "Dorado Meijide, Andrea"]
[Result "0-1"]
[WhiteElo "1568"]
[BlackElo "1760"]
[PlyCount "72"]
[EventDate "2016.02.06"]
[EventType "swiss"]
[EventRounds "8"]
[EventCountry "ESP"]
[SourceTitle "EXT 2024"]
[Source "ChessBase"]
[SourceDate "2023.10.10"]
[SourceVersion "1"]
[SourceVersionDate "2023.10.10"]
[SourceQuality "1"]

1. e4 e6 2. d4 d5 3. exd5 exd5 4. Nf3 Nf6 5. Bd3 Bd6 6. Bg5 0-0 7. 0-0 Bg4 8. Nbd2 Nbd7 9. c3 c6 10. Qc2 Qc7 11. Rfe1 Rfe8 12. h3 Bxf3 13. Nxf3 h6 14. Bxf6 Nxf6 15. Qd2 Ne4 16. Qc2 f5 17. Nh4 Rf8 18. Ng6 Rf6 19. Ne5 Raf8 20. f3 Ng5 21. Re2 c5 22. f4 Ne4 23. Bxe4 fxe4 24. Qb3 Rxf4 25. Qxd5+ Kh7 26. Rxe4 R4f5 27. Qb3 cxd4 28. cxd4 Bxe5 29. dxe5 Rxe5 30. Rxe5 Qxe5 31. Qxb7 Rb8 32. Qxa7 Rxb2 33. Rf1 Qd5 34. Rf2 Rb1+ 35. Kh2 Qe5+ 36. g3 Qe1 0-1

[Event "Pontevedra op 4th"]
[Site "Pontevedra"]
[Date "2015.12.26"]
[Round "1"]
[White "Starostits, Ilmars"]
[Black "Dorado Meijide, Andrea"]
[Result "1-0"]
[WhiteElo "2409"]
[BlackElo "1752"]
[PlyCount "57"]
[EventDate "2015.12.26"]
[EventType "swiss"]
[EventRounds "9"]
[EventCountry "ESP"]
[SourceTitle "CBM 170 Extra"]
[Source "ChessBase"]
[SourceDate "2016.02.25"]
[SourceVersion "1"]
[SourceVersionDate "2016.02.25"]
[SourceQuality "1"]

1. d4 d5 2. c4 e6 3. Nf3 Nf6 4. Nc3 Nbd7 5. Bf4 c6 6. e3 Bb4 7. a3 Be7 8. Qc2 b6 9. Rd1 c5 10. Nb5 0-0 11. Bc7 Qe8 12. Nd6 Bxd6 13. Bxd6 Bb7 14. Be2 cxd4 15. exd4 dxc4 16. Bxf8 Nxf8 17. Qxc4 Rc8 18. Qb3 Bd5 19. Qe3 Ng6 20. 0-0 Rc2 21. Rc1 Rxb2 22. Ba6 Qa4 23. Bd3 Ne7 24. Rc7 Kf8 25. Ne5 Bb3 26. Qc1 Qxa3 27. Rb7 Ne8 28. Nd7+ Kg8 29. Rb8 1-0

[Event "ESP-ch U16"]
[Site "Salobrena"]
[Date "2015.07.20"]
[Round "2"]
[White "Dorado Meijide, Andrea"]
[Black "Martinez Lopez, Carlos"]
[Result "0-1"]
[WhiteElo "1696"]
[BlackElo "1996"]
[PlyCount "71"]
[EventDate "2015.07.20"]
[EventType "swiss"]
[EventRounds "9"]
[EventCountry "ESP"]
[SourceTitle "EXT 2016"]
[Source "ChessBase"]
[SourceDate "2015.10.08"]
[SourceVersion "1"]
[SourceVersionDate "2015.10.08"]
[SourceQuality "1"]

1. e4 c5 2. Nf3 d6 3. d4 cxd4 4. Nxd4 Nf6 5. Nc3 a6 6. g3 e5 7. Nde2 Be7 8. Bg2 Be6 9. 0-0 0-0 10. h3 Qc7 11. Be3 b5 12. Nd5 Nxd5 13. exd5 Bf5 14. c3 Nd7 15. f4 exf4 16. Bxf4 Bg6 17. Nd4 Bf6 18. Re1 Nc5 19. Re3 Rae8 20. Qd2 Rxe3 21. Bxe3 Ne4 22. Bxe4 Bxe4 23. Nc6 Qd7 24. Kh2 Qf5 25. Nb4 a5 26. Nc6 Bxd5 27. Nxa5 Re8 28. Rd1 Ba8 29. Re1 h6 30. Nb3 Qf3 31. Qf2 Rxe3 32. Qxf3 Rxf3 33. Re8+ Kh7 34. Rxa8 Rf2+ 35. Kg1 Rxb2 36. Nd4 0-1